• 首页
  • 本馆介绍
  • 公告通知
  • 最新文献
  • 馆藏检索
  • 电子资源
  • 读者导购
  • 参考咨询
  • 我的图书馆
  • 登录
  • 详细信息显示
  • 放入我的书架
  • 预约/预借图书
  • 作者相关作品
  • 分类相关作品
  • 丛书相关作品
  • 出版社相关作品

书目信息

  • 表格格式
  • 工作单格式
  • 卡片格式
题名:
水土保持工程监理
    
 
作者: 杨顺利 主编
分册:  
出版信息: 北京   中国水利水电出版社  2018
页数: 350页
开本: 26cm
丛书名: 水土保持行业从业人员培训系列丛书
单 册:
中图分类: S157
科图分类:
主题词: 水土保持--shui tu bao chi--监理工作--技术培训--教材
电子资源:
ISBN: 978-7-5170-6293-6
000 01069nam 2200289 450
001 012001002563
005 20140101160554.0
010    @a978-7-5170-6293-6@dCNY49.00
099    @aCAL 012018101335
100    @a20180828d2018 em y0chiy50 ea
101 0  @achi
102    @aCN@b110000
105    @aa a 000yy
106    @ar
200 1  @a水土保持工程监理@Ashui tu bao chi gong cheng jian li@f杨顺利主编
210    @a北京@c中国水利水电出版社@d2018
215    @a350页@c图@d26cm
225 2  @a水土保持行业从业人员培训系列丛书@Ashui tu bao chi xing ye cong ye ren yuan pei xun xi lie cong shu
304    @a中国水土保持学会组织编写
320    @a有书目(第350页)
330    @a本书共分9章,内容包括:水土保持工程监理概论;水土保持工程监理招投标管理;水土保持工程建设合同管理;水土保持工程建设进度控制等。
410  0 @12001 @a水土保持行业从业人员培训系列丛书
606 0  @a水土保持@Ashui tu bao chi@x监理工作@x技术培训@j教材
690    @aS157@v5
701  0 @a杨顺利@Ayang shun li@4主编
801  0 @aCN@b北京卓展@c20191020
905    @b1203892-5@dS157@e112@f4
    
    水土保持工程监理/杨顺利主编.-北京:中国水利水电出版社,2018
    350页:图;26cm.-(水土保持行业从业人员培训系列丛书)
    
    
    ISBN 978-7-5170-6293-6:CNY49.00
    本书共分9章,内容包括:水土保持工程监理概论;水土保持工程监理招投标管理;水土保持工程建设合同管理;水土保持工程建设进度控制等。
●
相关链接 在E读中查询图书 在五车中查询图书 在当当中查询图书 在豆瓣中查询图书


正题名:水土保持工程监理     索取号:S157/112         预约/预借

序号 登录号 条形码 馆藏地/架位号 状态 备注
1 1203892   212038926   第二样本阅览室/ [索取号:S157/112] 在馆    
2 1203893   212038935   第三借阅区/ [索取号:S157/112] 在馆    
3 1203894   212038944   第三借阅区/ [索取号:S157/112] 在馆    
4 1203895   212038953   第三借阅区/ [索取号:S157/112] 在馆    
唐山师范学院图书馆 欢迎您!
大连网信软件有限公司© 版权所有